000 00608nam a2200229Ia 4500
003 OSt
005 20230413160011.0
008 210423s2008 xx 000 0 und d
020 _a8122414389
040 _cAL
041 _aeng
082 _a338.83
_223
_b MACH
100 _aMACHIRAJU (H R)
_988332
245 _aMergers acquisitions and takeovers
260 _aNew Delhi
_bNew Age International
_c2008
300 _axiii,242
_bPB
365 _b195
_cINR
650 _aEconomics
_988333
650 _aMergers & Acquisitions
_988334
906 _aacquisitions ; Mergers ; takeovers
942 _2ddc
_cBK
999 _c157455
_d157455